[Event "International Championship of Central S"]
[Site "Paracin"]
[Date "2014.07.08"]
[Round "6.25"]
[White "Sarenac, David"]
[Black "Popovic, Djordje D"]
[Result "1-0"]
[WhiteElo "2304"]
[BlackElo "2208"]
[PlyCount "91"]
[EventDate "2014.07.04"]

1. e4 c5 2. Nf3 d6 3. Nc3 Nf6 4. e5 dxe5 5. Nxe5 a6 6. Be2 e6 7. O-O Be7 8. Bf3
O-O 9. a4 Qc7 10. Re1 Nbd7 11. Nc4 Nb6 12. Ne3 Rd8 13. Qe2 Bf8 14. a5 Nbd5 15.
Nc4 Bd7 16. d3 Re8 17. Ne4 Bc6 18. b3 Be7 19. Bb2 Nd7 20. g3 Nb4 21. Rac1 Nd5
22. Bg2 N5f6 23. f4 Bd5 24. Bc3 Rac8 25. Rcd1 Rcd8 26. h3 h6 27. Kh2 Bc6 28.
Rf1 Nd5 29. Bb2 N5f6 30. Rde1 Bd5 31. Bc3 Bc6 32. Rf2 Nd5 33. Bb2 N5f6 34. h4
g6 35. Bh3 h5 36. Ng5 Bf8 37. Ne5 Nxe5 38. fxe5 Ng4+ 39. Bxg4 hxg4 40. Qxg4 Rd7
41. Ref1 Bg7 42. Nxf7 Rf8 43. Nh6+ Kh7 44. Rxf8 Bxf8 45. Rxf8 Kxh6 46. Qxe6 1-0

[Event "International Championship of Central S"]
[Site "Paracin"]
[Date "2014.07.08"]
[Round "6.26"]
[White "Radovanovic, Nikola"]
[Black "Todorovic, Nenad I"]
[Result "1-0"]
[WhiteElo "2303"]
[BlackElo "2173"]
[PlyCount "51"]
[EventDate "2014.07.04"]

1. e4 c5 2. Nf3 d6 3. d4 cxd4 4. Nxd4 Nf6 5. Nc3 a6 6. h3 e6 7. g4 h6 8. Bg2 g5
9. Be3 Nbd7 10. Qe2 Qc7 11. O-O-O Be7 12. Kb1 Ne5 13. f4 gxf4 14. Bxf4 Bd7 15.
Nf3 O-O-O 16. Rd2 Bc6 17. Rhd1 Nfd7 18. Nd4 Nf8 19. Bxe5 dxe5 20. Nxc6 Qxc6 21.
Rxd8+ Bxd8 22. Qf2 f6 23. Rxd8+ Kxd8 24. Qxf6+ Ke8 25. Qxh8 Qc5 26. Qf6 1-0

[Event "International Championship of Central S"]
[Site "Paracin"]
[Date "2014.07.08"]
[Round "6.27"]
[White "Djordjevic, Gradimir"]
[Black "Jovanovic, Bojan P"]
[Result "0-1"]
[WhiteElo "2160"]
[BlackElo "2307"]
[PlyCount "104"]
[EventDate "2014.07.04"]

1. c4 b6 2. Nc3 Bb7 3. d4 e6 4. Nf3 Bb4 5. Qc2 f5 6. a3 Bxc3+ 7. Qxc3 Nf6 8.
Bg5 O-O 9. g3 d6 10. Bg2 Nbd7 11. O-O Qe8 12. Bxf6 Rxf6 13. d5 e5 14. e4 Qh5
15. exf5 Rxf5 16. h3 Rf6 17. Rae1 Raf8 18. Nh2 Bc8 19. b4 Nb8 20. Re4 Qf7 21.
Qd2 Bf5 22. Re3 Qd7 23. g4 Bg6 24. Rf3 Rf4 25. Rxf4 Rxf4 26. c5 Rd4 27. Qc1
bxc5 28. bxc5 Na6 29. cxd6 cxd6 30. Qc6 Qxc6 31. dxc6 Kf8 32. Rc1 Nc7 33. Nf3
Ra4 34. Rc3 e4 35. Nd2 d5 36. Rb3 Ke7 37. f3 Rd4 38. Nf1 Kd6 39. fxe4 dxe4 40.
Ne3 Kxc6 41. Rc3+ Kd7 42. Kf2 Ne6 43. Nc4 Nf4 44. Ne5+ Kd6 45. Nc4+ Ke6 46. Bf1
Rd1 47. h4 h5 48. Be2 Nxe2 49. Kxe2 Rd3 50. Rc1 hxg4 51. Ne3 Rxa3 52. Rc6+ Kf7
0-1

[Event "International Championship of Central S"]
[Site "Paracin"]
[Date "2014.07.08"]
[Round "6.28"]
[White "Rakic, Marija"]
[Black "Radovic, Luka"]
[Result "1-0"]
[WhiteElo "2306"]
[BlackElo "2140"]
[PlyCount "75"]
[EventDate "2014.07.04"]

1. d4 Nf6 2. c4 c5 3. d5 e5 4. dxe6 fxe6 5. g3 Be7 6. Bg2 Nc6 7. Nf3 O-O 8. O-O
d5 9. Nbd2 d4 10. Ng5 e5 11. Nge4 Bg4 12. h3 Bf5 13. Qa4 Nd7 14. a3 Nb6 15. Qd1
a5 16. a4 Qd7 17. Kh2 Nb4 18. b3 Rad8 19. Ba3 Na6 20. g4 Bg6 21. Ng3 Nc7 22.
Bxb7 Ne6 23. Be4 Nf4 24. Bxg6 hxg6 25. Nde4 Qc8 26. Qe1 Kf7 27. e3 Rh8 28. exf4
Qxg4 29. Rh1 Rxh3+ 30. Kg2 Rxh1 31. Qxh1 exf4 32. f3 Qe6 33. Ne2 Qf5 34. Qh2 d3
35. Nxf4 d2 36. Rd1 Rd4 37. Qg3 Bf6 38. Nxc5 1-0

[Event "International Championship of Central S"]
[Site "Paracin"]
[Date "2014.07.08"]
[Round "6.29"]
[White "Dezelin, Milan"]
[Black "Kuzmanovic, Slobodan"]
[Result "1/2-1/2"]
[WhiteElo "2298"]
[BlackElo "2120"]
[PlyCount "40"]
[EventDate "2014.07.04"]

1. d4 d5 2. c4 e6 3. Nc3 Nf6 4. Bg5 Nbd7 5. cxd5 exd5 6. e3 c6 7. Nf3 Bd6 8.
Bd3 O-O 9. Qc2 h6 10. Bh4 Re8 11. O-O Nf8 12. Rab1 a5 13. a3 Bg4 14. Be2 Bh5
15. Rfe1 Bg6 16. Bd3 Bxd3 17. Qxd3 Ng6 18. Bg3 Bxg3 19. hxg3 Qe7 20. Na4 Nd7
1/2-1/2

[Event "International Championship of Central S"]
[Site "Paracin"]
[Date "2014.07.08"]
[Round "6.30"]
[White "Davletbayeva, Madina"]
[Black "Mrsic, Robert"]
[Result "0-1"]
[WhiteElo "2284"]
[BlackElo "2134"]
[PlyCount "72"]
[EventDate "2014.07.04"]

1. e4 e6 2. d4 d5 3. Nd2 Be7 4. c3 c5 5. dxc5 Nf6 6. exd5 Qxd5 7. Nb3 Qxd1+ 8.
Kxd1 O-O 9. Be2 a5 10. a4 Ne4 11. Be3 Nd7 12. c6 bxc6 13. Bd3 Ndf6 14. Ne2 e5
15. Bxe4 Nxe4 16. f3 Be6 17. Nbc1 Nc5 18. Ng3 Nb3 19. Nxb3 Bxb3+ 20. Ke2 f5 21.
Nf1 f4 22. Bc1 Bc4+ 23. Ke1 Rad8 24. Nd2 Bh4+ 25. Kd1 Bd3 26. b4 e4 27. fxe4
Bxe4 28. Rg1 Bf2 29. Ke2 Bxg1 30. Nxe4 Rfe8 31. Kf3 Bxh2 32. Nc5 Bg1 33. Nb7
Rd3+ 34. Kxf4 Bh2+ 35. Kf5 g6+ 36. Kg5 Kg7 0-1

[Event "International Championship of Central S"]
[Site "Paracin"]
[Date "2014.07.08"]
[Round "6.31"]
[White "Todic, Zoran"]
[Black "Dodic, Dragan"]
[Result "1-0"]
[WhiteElo "2267"]
[BlackElo "2102"]
[PlyCount "107"]
[EventDate "2014.07.04"]

1. e4 c6 2. Nc3 d5 3. Qf3 g6 4. exd5 Bg7 5. dxc6 Nxc6 6. Bb5 Bd7 7. Nge2 Nf6 8.
Ne4 O-O 9. O-O a6 10. Nxf6+ Bxf6 11. Bxc6 Bxc6 12. Qg3 h5 13. Qe3 Qd5 14. f3
Qc4 15. c3 Bb5 16. Re1 Rfe8 17. b3 Qc7 18. Bb2 e5 19. c4 Bc6 20. Qf2 Rad8 21.
d4 exd4 22. Nxd4 Be5 23. g3 Bg7 24. Nxc6 Qxc6 25. Bxg7 Kxg7 26. Rxe8 Rxe8 27.
Rd1 Qe6 28. Kg2 Kh8 29. Rd2 Kh7 30. h4 Kg8 31. c5 a5 32. Rc2 Qd5 33. Qd2 Qf5
34. a3 Re3 35. Qxe3 Qxc2+ 36. Kh3 Qf5+ 37. g4 hxg4+ 38. fxg4 Qd5 39. Kg3 Qh1
40. b4 axb4 41. axb4 Qf1 42. h5 gxh5 43. Qg5+ Kf8 44. Qd8+ Kg7 45. Qd4+ Kg6 46.
gxh5+ Kh7 47. Qf4 Qe1+ 48. Kg4 Qe2+ 49. Qf3 Qc4+ 50. Kg5 Qxb4 51. Qxf7+ Kh8 52.
Qf6+ Kh7 53. Qf5+ Kg8 54. Kg6 1-0

[Event "International Championship of Central S"]
[Site "Paracin"]
[Date "2014.07.08"]
[Round "6.32"]
[White "Jovanovic, Aleksandar D"]
[Black "Mazet, Julien"]
[Result "1-0"]
[WhiteElo "2234"]
[BlackElo "2083"]
[PlyCount "109"]
[EventDate "2014.07.04"]

1. e4 c5 2. Nc3 a6 3. g3 b5 4. Bg2 Bb7 5. d3 e6 6. Nh3 b4 7. Ne2 d5 8. f3 Nf6
9. O-O Be7 10. Be3 O-O 11. Qc1 Nbd7 12. Nf2 Nb6 13. Rd1 a5 14. Qd2 Qc7 15. Qe1
Na4 16. Bc1 Rfd8 17. b3 Nb6 18. Bb2 a4 19. Rab1 Ne8 20. Ng4 Nd6 21. Nf4 Nb5 22.
Kh1 d4 23. Qe2 a3 24. Ba1 Bd6 25. Nh3 Re8 26. Qd2 f6 27. Rf1 Qf7 28. Rbe1 e5
29. f4 exf4 30. gxf4 Nd7 31. e5 Nb6 32. exf6 Bxg2+ 33. Qxg2 Kh8 34. Ng5 Qd5 35.
Re4 Bf8 36. Ne5 Rxe5 37. fxe5 g6 38. e6 Nd6 39. Rxd4 cxd4 40. e7 Qxg2+ 41. Kxg2
Bxe7 42. fxe7 Kg8 43. Rf6 Nf5 44. Rxb6 Nxe7 45. Bxd4 h6 46. Bc5 Rc8 47. Ne4 Nd5
48. Rxg6+ Kh7 49. Rd6 Nc3 50. Nf6+ Kg7 51. Bxb4 Nb5 52. Nh5+ Kh7 53. Rd7+ Kg6
54. Nf4+ Kf5 55. Rf7+ 1-0

[Event "International Championship of Central S"]
[Site "Paracin"]
[Date "2014.07.08"]
[Round "6.33"]
[White "Bernard, Jacques"]
[Black "Drogovoz, Irina"]
[Result "0-1"]
[WhiteElo "2198"]
[BlackElo "2073"]
[Annotator "Boban,Milojevic"]
[PlyCount "44"]
[EventDate "2014.07.04"]

1. e4 c5 2. Nf3 d6 3. d4 cxd4 4. Nxd4 Nf6 5. Nc3 a6 6. Bg5 Nbd7 7. f4 Qc7 8.
Be2 h6 9. Bh4 g6 10. Qd2 b5 11. Bd3 Bb7 12. O-O Bg7 13. Bf2 O-O 14. a4 e5 15.
Ndxb5 axb5 16. Nxb5 Qc6 17. Nxd6 Rfd8 18. Rfd1 Qc7 19. b4 Nb6 20. fxe5 Ne8 21.
a5 Nc4 22. Nxe8 {... necitko} Rxe8 0-1

[Event "International Championship of Central S"]
[Site "Paracin"]
[Date "2014.07.08"]
[Round "6.34"]
[White "Tisma, Ivan"]
[Black "Pecurica, Milos"]
[Result "1-0"]
[WhiteElo "2095"]
[BlackElo "2192"]
[PlyCount "121"]
[EventDate "2014.07.04"]

1. Nf3 c5 2. c4 Nc6 3. g3 e5 4. Nc3 g6 5. Bg2 Bg7 6. d3 Nge7 7. O-O d6 8. Rb1
O-O 9. a3 a5 10. Ne1 Be6 11. Bg5 f6 12. Bd2 d5 13. cxd5 Nxd5 14. Qb3 Nd4 15.
Bxd5 Nxb3 16. Bxe6+ Kh8 17. Bxb3 f5 18. a4 g5 19. Nd5 Ra6 20. e4 h5 21. Nf3
fxe4 22. Nxg5 exd3 23. Nc3 Qe7 24. Nce4 Bh6 25. h4 Bxg5 26. Nxg5 Rd6 27. Rbc1
b6 28. Rfe1 Rf5 29. Rc4 Qf8 30. f4 Rxg5 31. hxg5 Qf5 32. Rxe5 Qh3 33. Re3 Re6
34. Bc3+ Kh7 35. Be5 h4 36. Rxd3 Kg6 37. gxh4 Qg4+ 38. Kf2 Qf5 39. Bc2 Kh5 40.
Rf3 Qg4 41. Rcc3 Re8 42. Bd1 Qc8 43. Rfd3+ Kg6 44. h5+ Kh7 45. Rd6 Rxe5 46.
Bc2+ Kh8 47. fxe5 Qg4 48. Rd8+ Kg7 49. h6+ Kf7 50. g6+ Ke7 51. Rdd3 Qf4+ 52.
Kg2 Qxh6 53. Re3 Qg5+ 54. Kf1 c4 55. Ke2 Qg4+ 56. Kd2 Kf8 57. e6 Ke7 58. Rg3
Qf4+ 59. Rce3 c3+ 60. bxc3 Qd6+ 61. Ke2 1-0

[Event "International Championship of Central S"]
[Site "Paracin"]
[Date "2014.07.08"]
[Round "6.36"]
[White "Stefanov, Emil"]
[Black "Yordanov, Nikolay"]
[Result "1/2-1/2"]
[WhiteElo "2061"]
[BlackElo "2177"]
[PlyCount "54"]
[EventDate "2014.07.04"]

1. e4 c5 2. Nf3 Nc6 3. d4 cxd4 4. c3 dxc3 5. Nxc3 e6 6. Bc4 d6 7. O-O Nf6 8.
Qe2 a6 9. Rd1 Qc7 10. Bf4 Be7 11. Rac1 O-O 12. Bb3 Nh5 13. Be3 Nf6 14. Bf4 Nh5
15. Be3 Nf6 16. Nd5 exd5 17. exd5 Nxd5 18. Bxd5 Be6 19. Bf4 Bxd5 20. Rxd5 Rfe8
21. Qd2 Qd7 22. Rd1 Rad8 23. Bxd6 Bxd6 24. Rxd6 Qxd6 25. Qxd6 Rxd6 26. Rxd6 Re2
27. Rd2 Rxd2 1/2-1/2

[Event "International Championship of Central S"]
[Site "Paracin"]
[Date "2014.07.08"]
[Round "6.37"]
[White "Cvetkovic, Srdjan"]
[Black "Soilemetzidis, Konstantinos"]
[Result "1-0"]
[WhiteElo "2325"]
[BlackElo "1909"]
[PlyCount "37"]
[EventDate "2014.07.04"]

1. c4 Nf6 2. Nc3 c6 3. Nf3 d5 4. e3 Nbd7 5. cxd5 cxd5 6. d4 e6 7. Bd3 Bd6 8.
Bd2 a6 9. O-O O-O 10. a3 Re8 11. Re1 e5 12. e4 dxe4 13. Nxe4 Nxe4 14. Bxe4 g6
15. Bc3 exd4 16. Qxd4 Ne5 17. Nxe5 Rxe5 18. Rad1 Qe8 19. Qxd6 1-0

[Event "International Championship of Central S"]
[Site "Paracin"]
[Date "2014.07.08"]
[Round "6.38"]
[White "Visanescu, Daria-Ioana"]
[Black "Zlatanovic, Zoran"]
[Result "1-0"]
[WhiteElo "2090"]
[BlackElo "2188"]
[PlyCount "65"]
[EventDate "2014.07.04"]

1. e4 c5 2. c3 b6 3. d4 Bb7 4. Nd2 cxd4 5. cxd4 Nf6 6. Bd3 Nc6 7. Ngf3 Nb4 8.
Bc4 e6 9. a3 Nc6 10. O-O Be7 11. d5 Na5 12. Ba2 exd5 13. exd5 Bxd5 14. Bxd5
Nxd5 15. Ne4 Nc7 16. Ne5 d5 17. Qa4+ Kf8 18. b4 b5 19. Qxa5 dxe4 20. Nc6 Qd6
21. Nxe7 Kxe7 22. Be3 Ne6 23. Qxb5 Rhb8 24. Qf5 Qc6 25. Rac1 Qb7 26. Qxh7 Qd5
27. Qh4+ g5 28. Qg3 Rd8 29. Bc5+ Kf6 30. Qc3+ Kg6 31. Be7 Nd4 32. Qe3 Rd7 33.
Rc5 1-0

[Event "International Championship of Central S"]
[Site "Paracin"]
[Date "2014.07.08"]
[Round "6.39"]
[White "Djokic, Nebojsa"]
[Black "Drogovoz, Maria"]
[Result "1-0"]
[WhiteElo "2186"]
[BlackElo "1952"]
[PlyCount "51"]
[EventDate "2014.07.04"]

1. e4 c5 2. Nf3 d6 3. d4 cxd4 4. Nxd4 Nf6 5. Nc3 a6 6. Be3 e6 7. g4 h6 8. Rg1
g5 9. Qd2 Qc7 10. O-O-O Nbd7 11. h4 gxh4 12. g5 hxg5 13. Bxg5 b5 14. f3 Bb7 15.
Bh3 b4 16. Nce2 Be7 17. Bxe6 fxe6 18. Nxe6 Qc4 19. Ng7+ Kf7 20. b3 Qc5 21. Nf5
Bf8 22. Be3 Qe5 23. Bd4 Qa5 24. Qg5 Ne5 25. Nxd6+ Ke7 26. Bxe5 1-0

[Event "International Championship of Central S"]
[Site "Paracin"]
[Date "2014.07.08"]
[Round "6.40"]
[White "Radovic, Stefan"]
[Black "Tscharotschkin, Michael"]
[Result "0-1"]
[WhiteElo "2072"]
[BlackElo "2179"]
[PlyCount "112"]
[EventDate "2014.07.04"]

1. c4 e6 2. Nc3 d5 3. cxd5 exd5 4. d4 Bf5 5. Qb3 Nc6 6. e4 Bxe4 7. Nxe4 dxe4 8.
Bc4 Bb4+ 9. Kf1 Qxd4 10. Bxf7+ Kf8 11. Bc4 Qd6 12. Be3 Na5 13. Qc2 Nxc4 14.
Qxc4 Qd3+ 15. Qxd3 exd3 16. Rd1 Rd8 17. Nf3 Nf6 18. Ne5 d2 19. a3 Rd5 20. Nc4
Bc5 21. Rxd2 Bxe3 22. fxe3 b5 23. Rxd5 Nxd5 24. Ne5 Ke7 25. Ke2 Re8 26. Nc6+
Kd6 27. Nd4 Rxe3+ 28. Kd2 Kc5 29. Nc2 Re6 30. Rc1 Kb6 31. Nd4 Rg6 32. g3 c5 33.
Nf5 Rg5 34. Nd6 Ne7 35. Ne4 Re5 36. Ke3 Nd5+ 37. Kf3 c4 38. Re1 Nf6 39. Nd6 Kc5
40. Nb7+ Kc6 41. Nd8+ Kc7 42. Rd1 Nd5 43. Ne6+ Rxe6 44. Rxd5 a6 45. h4 h6 46.
g4 Rf6+ 47. Ke3 Rf1 48. Rd2 a5 49. Ke4 Kc6 50. Rg2 b4 51. axb4 axb4 52. g5 Kc5
53. gxh6 gxh6 54. Rd2 c3 55. bxc3 bxc3 56. Rd5+ Kb4 0-1

[Event "International Championship of Central S"]
[Site "Paracin"]
[Date "2014.07.08"]
[Round "6.41"]
[White "Marjanovics, Annamaria"]
[Black "Radovic, Janko"]
[Result "1/2-1/2"]
[WhiteElo "2051"]
[BlackElo "2150"]
[PlyCount "40"]
[EventDate "2014.07.04"]

1. e4 c5 2. Nf3 d6 3. d4 cxd4 4. Nxd4 Nf6 5. Nc3 a6 6. Bg5 e6 7. Qf3 Nbd7 8.
O-O-O Qc7 9. Qg3 b5 10. Bxb5 axb5 11. Ndxb5 Qc5 12. Be3 Qc6 13. Nxd6+ Bxd6 14.
Qxd6 Qxd6 15. Rxd6 Bb7 16. f3 O-O 17. b3 Rfc8 18. Kb2 Bc6 19. Rhd1 Rab8 20. a4
Ne5 1/2-1/2

[Event "International Championship of Central S"]
[Site "Paracin"]
[Date "2014.07.08"]
[Round "6.42"]
[White "Lazov, Toni"]
[Black "Djordjevic, Vuk"]
[Result "0-1"]
[WhiteElo "2001"]
[BlackElo "2148"]
[PlyCount "82"]
[EventDate "2014.07.04"]

1. e4 c5 2. Nf3 d6 3. d4 cxd4 4. Nxd4 Nf6 5. Nc3 g6 6. Be3 Bg7 7. f3 Nc6 8. Qd2
O-O 9. Bc4 Bd7 10. O-O-O Qa5 11. g4 Rfc8 12. Bb5 Ne5 13. h4 Nc4 14. Bxc4 Rxc4
15. h5 Rac8 16. Nb3 Qc7 17. hxg6 fxg6 18. g5 Nh5 19. Bd4 Bxd4 20. Nxd4 Qc5 21.
Kb1 Qe5 22. Nd5 Qg7 23. c3 Rf8 24. Ne3 Rcc8 25. Ndf5 gxf5 26. Rxh5 Be8 27. Rh2
fxe4 28. fxe4 Bg6 29. Rh4 Rc5 30. Nd5 Qe5 31. Qd4 Qxg5 32. b4 e5 33. Qg1 Qxh4
34. bxc5 Qxe4+ 35. Ka1 dxc5 36. Ne7+ Kg7 37. Qxc5 Rf7 38. Rg1 b6 39. Qd6 Qe3
40. Rxg6+ hxg6 41. Qxg6+ Kf8 0-1

[Event "International Championship of Central S"]
[Site "Paracin"]
[Date "2014.07.08"]
[Round "6.43"]
[White "Magnusson, Roger"]
[Black "Popchev, Milko"]
[Result "1-0"]
[WhiteElo "2000"]
[BlackElo "2331"]
[PlyCount "87"]
[EventDate "2014.07.04"]

1. d4 e5 2. dxe5 Nc6 3. Nf3 Qe7 4. e4 Nxe5 5. Nc3 d6 6. Be2 Nxf3+ 7. Bxf3 c6 8.
Bf4 Be6 9. Qd4 Nf6 10. O-O-O Nd7 11. Bxd6 Qxd6 12. Qxd6 Bxd6 13. Rxd6 Ke7 14.
Rhd1 Ne5 15. Be2 g5 16. f3 h5 17. b3 h4 18. R1d4 f6 19. Na4 b6 20. Nb2 Rad8 21.
Rxd8 Rxd8 22. Rxd8 Kxd8 23. Kd2 Ke7 24. g3 hxg3 25. hxg3 f5 26. f4 gxf4 27.
gxf4 Ng6 28. Ke3 fxe4 29. Kxe4 Kf6 30. Ke3 Nh4 31. Nd3 Nf5+ 32. Kd2 c5 33. Ne5
Nd4 34. c3 Nxe2 35. Kxe2 Bd5 36. Ke3 Bh1 37. b4 cxb4 38. cxb4 Kf5 39. Nf3 Kg4
40. Nd4 Bd5 41. a3 Bh1 42. Nb5 a6 43. Nd6 b5 44. Ne4 1-0

[Event "International Championship of Central S"]
[Site "Paracin"]
[Date "2014.07.08"]
[Round "6.44"]
[White "Cvetanovic, Uros"]
[Black "Tomic, Aleksandar"]
[Result "0-1"]
[WhiteElo "2323"]
[BlackElo "2019"]
[PlyCount "58"]
[EventDate "2014.07.04"]

1. e4 d5 2. Nc3 dxe4 3. Nxe4 Bf5 4. Ng3 Bg6 5. d4 Nf6 6. c3 Nbd7 7. Nf3 e6 8.
Qb3 Qc8 9. Bc4 Bd6 10. Nh4 O-O 11. Nxg6 hxg6 12. O-O Nb6 13. Be2 c5 14. dxc5
Bxc5 15. Bg5 Qc7 16. Bxf6 gxf6 17. Bf3 Kg7 18. a4 Rh8 19. Qd1 Rxh2 20. Ne4 Rh1+
21. Kxh1 Rh8+ 22. Bh5 Rxh5+ 23. Qxh5 gxh5 24. f4 f5 25. Ng3 Qe7 26. Nxh5+ Kg6
27. g4 fxg4 28. f5+ Kxh5 29. Kg2 Nd5 0-1

[Event "International Championship of Central S"]
[Site "Paracin"]
[Date "2014.07.08"]
[Round "6.45"]
[White "Jandric, Damjan"]
[Black "Brkic, Toma"]
[Result "1/2-1/2"]
[WhiteElo "2060"]
[BlackElo "2111"]
[PlyCount "69"]
[EventDate "2014.07.04"]

1. e4 c5 2. Nf3 e6 3. d3 d5 4. Qe2 Be7 5. g3 Nc6 6. Bg2 Nf6 7. O-O O-O 8. e5
Nd7 9. c4 d4 10. h4 Qc7 11. Bf4 Rb8 12. Nbd2 a6 13. h5 b5 14. h6 g6 15. b3 Bb7
16. Rfe1 Qd8 17. Ne4 Nb4 18. Qd2 Bxe4 19. Rxe4 Re8 20. Bg5 Bxg5 21. Nxg5 Nxd3
22. Nxf7 Kxf7 23. Qxd3 Qg5 24. Rae1 Qxh6 25. Rh4 Qg7 26. Bc6 Re7 27. Qe2 bxc4
28. Bxd7 Rxd7 29. Qxc4 Rd5 30. Qxa6 Rbd8 31. Rf4+ Ke7 32. Rf6 R8d6 33. Qb7+ Rd7
34. Qb6 R7d6 35. Qb7+ 1/2-1/2